00742cam a22002537a 4500003000500000005001700005008004100022010001000063011001000073020001500083035001100098040000900109082001500118100002900133245011800162260004200280300002000322490002500342650002600367650001700393700002600410700002700436830002500463CHAP20220329142923.0050224d2002 eu r 00110 eng d a89668 a90640 a0849397901 a101196 cCHAP04a581.13bM200aMcManus, Michael T.eed.10aProtein - protein interactions in plant biologyc/ed. by Michael T. McManus, William A. Laing and Andrew C. Allan aBoca Raton, Fla. :bCRC Press,c2002. a313 p. :bilus. 0aAnnual Plant Reviews14aPlantasxNutrición.14aProteínas.0 aAllan, Andrew C.eed.0 aLaing, William A.eed.00aAnnual Plant Reviews